Sąsiedzi sąsiadów Gwinei Bissau - Statystyki

Ogólne statystyki
  • Ten quiz został rozwiązany 22 razy
  • Średni wynik to 5 z 6
Statystyki odpowiedzi
Odpowiedź % Poprawnych
Mali
100%
Sierra Leone
91%
Wybrzeże Kości Słoniowej
91%
Liberia
86%
Mauretania
86%
Gambia
82%
Nie znaleziono quizów pasujących do podanych kryteriów
Rozkład punktacji
Procent ludzi z każdym wynikiem
Percentyl według liczby udzielonych odpowiedzi
Twoja historia wyników
Nie rozwiązałeś tego quizu